00713 a2200169 4500020002800000040001300028082001400041100001800055245004700073260004200120300002100162651005100183651004700234856009700281856007500378856009000453 a0679602550 (alk. paper) aDLCbDLC00a823.8 HUG1 aHugo, Victor,14aThe hunchback of Notre-Dame cVictor Hugo. aNew York :bThe Penguin Group,c1965. a501 p. ;c22 cm. 0aFrancexHistoryyLouis XI, 1461-1483xFiction. 0aParis (France)xHistoryyTo 1515xFiction.423Contributor biographical informationuhttp://www.loc.gov/catdir/bios/random057/96033136.html423Sample textuhttp://www.loc.gov/catdir/samples/random044/96033136.html423Publisher descriptionuhttp://www.loc.gov/catdir/description/random0412/96033136.html